000 00395nam a2200133Ia 4500
008 100328s9999 xx 000 0 und d
082 _b57895
100 _aचिखले सुरेश
245 _aखंडोबाचं लगीन
260 _bसमााी
630 _aखंडोबाचं लगीन
730 _aखंडोबाचं लगीन
942 _cBOOK
999 _c544295
_d544292